| 000 | 01146 a2200325 4500 | ||
|---|---|---|---|
| 001 | 45783 | ||
| 005 | 20260407155729.0 | ||
| 008 | 260407a1997 arg spa d | ||
| 003 | AR-UNSa-BCEJYS | ||
| 040 |
_aAR-UNSa-BCEJYS _bspa _cAR-UNSa-BCEJYS |
||
| 080 |
_a331.567 _xConsecuencias del desempleo. Medidas para combatir las consecuencias del desempleo |
||
| 245 | 1 | 0 |
_aSin Trabajo _plas características del desempleo y sus efectos en la sociedad argentina |
| 020 | _a950-03-7178-2 | ||
| 250 | _a2a. ed. | ||
| 264 | 1 |
_aBuenos Aires : _bLosada _c1997 |
|
| 300 |
_a222 p. _c20 cm. |
||
| 505 | _a1. Notas sobre el comportamiento del mercado de trabajo urbano / Luis Beccaria y Néstor López - 2. | ||
| 041 | _aspa | ||
| 942 | _cBK | ||
| 590 | _aniveau_biblio:m niveau_hierar:0 | ||
| 100 | 1 | _aLópez, Néstor | |
| 700 | 1 | _aBeccaria, Luis A. | |
| 700 | 1 | _aFeldman, Silvio | |
| 700 | 1 | _aGalli, Vicente | |
| 700 | 1 | _aKessler, Gabriel | |
| 700 | 1 | _aMalfé, Ricardo | |
| 700 | 1 | _aMurmis, Miguel | |
| 700 | 1 | _aTokman, Víctor | |
| 856 | 4 | 1 |
_uhttps://www.biblioeco.unsa.edu.ar/pmb/images/libros/L127186.jpg _yImagen de portada _qimage/jpeg |
| 999 |
_c4003 _d4003 |
||